| 000 | 01046cam a22002895a 4500 | ||
|---|---|---|---|
| 001 | 17562701 | ||
| 005 | 20151013102443.0 | ||
| 006 | a||||f ||z 00| 0 | ||
| 008 | 121214t2013 caua frb 001 0 eng d | ||
| 020 | _a9780321834737 | ||
| 020 | _a0321834739 | ||
| 040 |
_aBTCTA _beng _cBTCTA _dYDXCP _dNDD _dOMB _dMYG _dTMI _dORU _dTOH _dDLC _dEG-ScBUE |
||
| 082 | 0 | 4 |
_a006.6 _bCAI _222 |
| 100 | 1 |
_aCairo, Alberto, _d1974- _938337 |
|
| 245 | 1 | 4 |
_aThe functional art : _ban introduction to information graphics and visualization / _cAlberto Cairo. |
| 260 |
_aBerkeley : _bNew Riders, _cc.2013. |
||
| 300 |
_axxi, 363 p. : _bill. (col.) ; _c23 cm. + _e1 DVD. |
||
| 500 | _a"Includes a complete introductory information graphics video course"--Cover. | ||
| 500 | _aIndex : p. 354-363. | ||
| 504 | _aBibliography : p. 351-353. | ||
| 650 | 7 |
_aComputer graphics. _2BUEsh _93615 |
|
| 650 | 0 |
_aCharts, diagrams, etc. _xDesign. _2BUEsh |
|
| 650 | 0 |
_aInformation visualization. _2BUEsh |
|
| 651 | _2BUEsh | ||
| 653 |
_bCOMAME _cJune2015 _cAugust2015 |
||
| 942 | _2ddc | ||
| 999 |
_c19650 _d19622 |
||